• 首页
  • 本馆介绍
  • 公告通知
  • 最新文献
  • 馆藏检索
  • 电子资源
  • 读者导购
  • 参考咨询
  • 我的图书馆
  • 登录
  • 详细信息显示
  • 放入我的书架
  • 预约/预借图书
  • 作者相关作品
  • 分类相关作品
  • 丛书相关作品
  • 出版社相关作品

书目信息

  • 表格格式
  • 工作单格式
  • 卡片格式
题名:
社会民主党在民主革命中的两个策略
    
 
作者: 列宁 著
分册:  
出版信息:   外国文书籍出版局  1950
页数: 144页
开本: 20cm
丛书名: 马列主义丛书
单 册:
中图分类: A222
科图分类:
主题词: 列字著作--单行本
电子资源:
ISBN:
000 00580nam0 2200193 450
001 0641607999
005 20060726113503.43
100    @a20060726d1950 km y0chiy0120 ea
101 0  @achi
200 1  @a社会民主党在民主革命中的两个策略@Ashe hui min zhu dang zai min zhu ge ming zhong de liang ge ce lue@f列宁著@Flie ning zhu
210    @c外国文书籍出版局@d1950
215    @a144页@d20cm
225 2  @a马列主义丛书
410  0 @12001 @a马列主义丛书
606 0  @a列字著作@x单行本
690    @aA222@v3
701  0 @a列宁@Alie ning@4著
801  0 @aCN@bPFT@c20060726
905    @a10447@dA222@e37
    
    社会民主党在民主革命中的两个策略/列宁著.-外国文书籍出版局,1950
    144页;20cm.-(马列主义丛书)
    
    
    ISBN :
    
●
相关链接 在E读中查询图书 在五车中查询图书 在当当中查询图书 在豆瓣中查询图书


正题名:社会民主党在民主革命中的两个策略     索取号:A222/37         预约/预借

序号 登录号 条形码 馆藏地/架位号 状态 备注
1 0426601   204266016   密集书库/ [索取号:A222/37] 在馆    
唐山师范学院图书馆 欢迎您!
大连网信软件有限公司© 版权所有